<?xml version="1.0" encoding="UTF-8"?>
<collection xmlns="http://www.loc.gov/MARC21/slim">
 <record>
  <leader>00620nam a22001935a 4500</leader>
  <controlfield tag="001">EAD.bibadm000446</controlfield>
  <controlfield tag="003">AR-BaBDC</controlfield>
  <controlfield tag="005">20100211094135.0</controlfield>
  <controlfield tag="008">080718s1999####ag############000#0#spa#d</controlfield>
  <datafield tag="245" ind1="1" ind2="0">
   <subfield code="a">Fallos de clausura impositiva  :</subfield>
   <subfield code="b">diccionario de jurisprudencia de la Corte Suprema 1991-1998 /</subfield>
   <subfield code="c">Luis Giangreco.</subfield>
  </datafield>
  <datafield tag="260" ind1=" " ind2=" ">
   <subfield code="a">Buenos Aires :</subfield>
   <subfield code="b">O.D. Buyatti,</subfield>
   <subfield code="c">1999.</subfield>
  </datafield>
  <datafield tag="300" ind1=" " ind2=" ">
   <subfield code="a">493 p.</subfield>
  </datafield>
  <datafield tag="020" ind1=" " ind2=" ">
   <subfield code="z">9879156</subfield>
  </datafield>
  <datafield tag="100" ind1="1" ind2=" ">
   <subfield code="a">Giangreco, Luis.</subfield>
  </datafield>
  <datafield tag="082" ind1="0" ind2="4">
   <subfield code="a">C344.3</subfield>
  </datafield>
  <datafield tag="653" ind1=" " ind2=" ">
   <subfield code="a">Clausuras impositivas</subfield>
  </datafield>
  <datafield tag="650" ind1=" " ind2="4">
   <subfield code="a">Sentencias.</subfield>
  </datafield>
  <datafield tag="650" ind1=" " ind2="4">
   <subfield code="a">Diccionarios.</subfield>
  </datafield>
  <datafield tag="859" ind1=" " ind2=" ">
   <subfield code="a">AR-BaBDC</subfield>
   <subfield code="b">BIB. ADMINISTRACION - Consulta</subfield>
   <subfield code="h">344.3</subfield>
   <subfield code="i">G348</subfield>
   <subfield code="k">C</subfield>
   <subfield code="p">b04297</subfield>
  </datafield>
 </record>
</collection>
